00650nam a2200229 a 4500001001300000003000900013005001700022008004100039020001200080082001600092100001500108245005200123260004100175300000900216500003500225505001700260650001400277902000800291942000700299952009700306999001700403nice12345678IN_TiNIC20260116013801.0050524s0000 cana grp 000 0 eng  ac411.700a303.69bSAM aSamghava,  aEveryone Wins!cooperative Games and Activities. aCanadabNew Society Publishersc0000 a100p aincludes index and biblioraphy2 aBibliography aMediation bSRS cBK 00104070aHMIbHMId2009-10-21g411.70l0o303.69 SAMp019938r2009-10-21w2026-01-16yEB c12476d12476